| 000 | 00922nam a22003017a 4500 | ||
|---|---|---|---|
| 001 | 7934 | ||
| 003 | FISKH | ||
| 005 | 20250826142251.0 | ||
| 008 | 250814b cb ||||| |||| 00| 0 eng d | ||
| 020 | _a9780590319706 | ||
| 040 |
_aFISKH _beng _cFISKH _dFISKH |
||
| 050 | _aPZ8.F85 P | ||
| 082 | _a813.54 | ||
| 100 |
_aFreeman, Don _d(1908–1978) |
||
| 245 |
_aA pocket for Corduroy / _cStory and Pictures by Don Freeman |
||
| 250 | _aThis edition first published in 1978 | ||
| 260 |
_aNew York : _bScholastic, _c1978 |
||
| 300 |
_a28 unnumbered pages : _bcolor illustrations ; _c20 x 23 cm |
||
| 505 | _aP | ||
| 520 | _aA toy bear who wants a pocket for himself searches for one in a laundromat. | ||
| 521 | 8 |
_a600
_bLexile |
|
| 521 | 8 |
_aP
_bRaz-Plus |
|
| 650 |
_2Pocket _aFriendship |
||
| 650 |
_2Teddy bears _aLaundry |
||
| 700 |
_aFreeman, Don _dillustrator |
||
| 942 |
_2ddc _cBK _n0 |
||
| 999 |
_c7934 _d7934 |
||